| 000 | 01322cam a2200313 i 4500 | ||
|---|---|---|---|
| 005 | 20191224041608.0 | ||
| 008 | 000202t00001999ck c 0 spa d | ||
| 015 | _aSSS | ||
| 020 | _a9589089437 (Obra) | ||
| 020 | _a9589089445 (V.1) | ||
| 040 |
_aCO-BoPUJ _cCO-BoIAVH _dCO-BoIAVH |
||
| 041 | _aspa | ||
| 082 | 0 | 4 |
_a348.04 _bC76c |
| 110 | 2 |
_aConvenio Andrés Bello _bSecretaria Ejecutiva. SECAB. Red de Información. RICAB |
|
| 245 | 1 | 0 |
_aCorpus legislativo sobre la biodiversidad y el medio ambiente : _bbiolegis / _cRed de Información del Convenio Andres Bello ; compilador Germán Alberto Quitiáquez Villamarín y (otros tres compiladores). |
| 260 |
_aBogotá : _bConvenio Andres Bello, _c1999. |
||
| 300 |
_a884 páginas ; _c33 cm. + _e1 CD-ROM |
||
| 490 | 0 | 0 |
_aCiencia y tecnología ; _v71 |
| 505 | _gLegislación internacional. | ||
| 610 | 2 | 4 | _aConvenio Andres Bello |
| 650 | 2 | 4 | _aDerecho ambiental |
| 650 | 2 | 4 |
_aCiencia y tecnología _xLegislación |
| 650 | 2 | 4 |
_aDiversidad biológica _xLegislación. |
| 700 | 1 |
_aQuitiáquez Villamarín, Germán Alberto, _eCompilador. |
|
| 700 | 1 |
_aBernal M., Henry Yesid, _eCompilador. |
|
| 700 | 1 |
_aCampo Cabal, Alvaro _eComp. |
|
| 700 | 1 |
_aCardenas T., Gina Yormary, _eCompilador. |
|
| 942 |
_2ddc _cLIBRO |
||
| 999 |
_c1590 _d1590 |
||